000 00788nam a22002531i 4500
001 105918
003 ES-MaACL
005 20240515063056.0
007 t|
008 060912s1943 ag r ||||0| spa d
016 7 _zIND9100051222
040 _aM-BN
_bspa
_cA2
080 _a123.1(091)
100 1 _aAyala, Francisco,
_d1906-2009
_924111
245 1 0 _aHistoria de la libertad /
_cpor Francisco Ayala.
260 _aBuenos Aires :
_bAtlántida,
_c1943.
300 _a120 p ;
_c17 cm.
490 1 _aBiblioteca Billiken. Colección oro ;
_v27
500 _aBiblioteca Juan Andrade.
650 1 4 _aLibertad-
_vHistoria.
_914401
830 0 _aBiblioteca Billiken. Colección oro ;
_v27
_9232784
852 _aES-MaACL
_jAND-939
_bR.110227
999 _c105918
_d105918